Most populous cities in the Netherlands - Statistics

General Stats
  • This quiz has been taken 8 times
  • The average score is 14 of 20
Answer Stats
Population City % Correct
1 871.873 Amsterdam
100%
13 162.177 Haarlem
100%
2 651.284 Rotterdam
100%
3 549.350 The Hague
100%
4 358.974 Utrecht
100%
9 184.064 Breda
86%
5 235,923 Eindhoven
86%
6 232.652 Groningen
86%
8 216.086 Almere
71%
16 157.871 Amersfoort
71%
12 163.072 Arnhem
71%
10 177.605 Nijmegen
71%
7 222,601 Tilburg
71%
11 165.181 Apeldoorn
57%
18 155.899 ‘s-Hertogenbosch
57%
19 130.173 Zwolle
57%
14 159.369 Enschede
43%
15 158.411 Haarlemmermeer
43%
20 125.301 Zoetermeer
43%
17 156.566 Zaanstad
29%
No matching quizzes found
Score Distribution
Percent of People with Each Score
Percentile by Number Answered
Your Score History
You have not taken this quiz